Tác phẩm và chân dung Phê bình - tiểu luận

Giới thiệu khái quát về nền văn xuôi CM, những vấn đề lý luận sáng tác và phác thảo chân dung và tác phẩm của một số nhà văn tiêu biểu: nguyễn Đình Thi, Tô Hoài, Nguyễn Khải, Hữu Mai

Đã lưu trong:
Sonraí Bibleagrafaíochta
Príomhúdar: Phan Cự Đệ
Formáid: Leabhar
Teanga:Vietnamese
Foilsithe: H. Văn Học 1984
Sraith:Văn học hiện đại Việt Nam
Ábhair:
Clibeanna: Cuir Clib Leis
Gan Chlibeanna, Bí ar an gcéad duine leis an taifead seo a chlibeáil!
Thư viện lưu trữ: Mạng thư viện Đại học Đà Nẵng
LEADER 01195nam a2200361 4500
001 000003967
003 95
005 20121211001230.0
008 110713s1984 viesd
020 |c 10000đ 
041 0 |a vie 
082 |a 895.922  |b PHAN 
100 0 |a Phan Cự Đệ 
245 0 |a Tác phẩm và chân dung  |b Phê bình - tiểu luận  |c Phan Cự Đệ 
260 |a H.  |b Văn Học  |c 1984 
300 |a 265tr  |c 19cm 
490 |a Văn học hiện đại Việt Nam 
520 |a Giới thiệu khái quát về nền văn xuôi CM, những vấn đề lý luận sáng tác và phác thảo chân dung và tác phẩm của một số nhà văn tiêu biểu: nguyễn Đình Thi, Tô Hoài, Nguyễn Khải, Hữu Mai 
653 |a Việt Nam 
653 |a Lý luận văn học 
653 |a Phê bình 
653 |a Nghiên cứu văn học 
653 |a Tiểu luận 
653 |a Văn học hiện đại 
910 |a ĐTCƯỜNG  |d 13/07/2011 
OWN |a LSP 
999 |a From the UDN01 
TYP |a Monograph 
TYP |a Printed language 
980 |a Mạng thư viện Đại học Đà Nẵng